| 000 | 00370nam a2200145Ia 4500 | ||
|---|---|---|---|
| 008 | 151213s9999 xx 000 0 und d | ||
| 100 | _aEmmamel Zafar | ||
| 245 |
_aThe Constitution of the United State of America _cEmmamel Zafar |
||
| 260 |
_aLahore _bIrfan Law Book |
||
| 300 | _a2559 p. | ||
| 650 | _aLaw | ||
| 650 | _aLaw | ||
| 700 | _aEmmamel Zafar | ||
| 999 |
_c1721 _d1721 |
||